00901nam a2200229 c 450000500170000000800410001702000180005802000290007602000280010504000480013304100080018124501780018926000440036730000230041149000210043450400410045565000620049665000270055865000310058565000310061670000240064720200329152356.0200304s2019 ck |||gr|||| 00| 0 spa d a9789587843729 a9789587843736cISBN ePub a9789587843743cISBN PDF aCO-BoUCMbspacDeissy GarciadDeissy Garcia0 aspa00aTerritorios, conflictos agrarios y construcción de pazbcomunidades, asociatividad y encadenamientos en el Huila y sur del Tolimacedición académica Jairo Baquero Melo bUniversidad del Rosarioc2019aBogotá axiv, 236 páginas0 aCiencias Humanas aIncluye referencias bibliográficas17aTenencia de la tierrazHuila (Colombia)zTolima(Colombia)17aDesplazamiento forzado17aDesarrollo ruralzColombia17aConflicto armadozColombia aBaquero Melo, Jairo